| 000 | 01756 a2200289 4500 | ||
|---|---|---|---|
| 003 | Nust | ||
| 005 | 20221219090033.0 | ||
| 010 | _a 2007464755 | ||
| 020 | _a0470029803 ($120.00) | ||
| 020 | _a9780470029800 ($120.00) | ||
| 035 | _a(OCoLC)ocm76909674 | ||
| 040 | _cNust | ||
| 082 | _a621.3824,GRA | ||
| 100 | 1 |
_aGraham, Adrian W. _998122 |
|
| 245 | 1 | 0 |
_aMobile radio network design in the VHF and UHF bands : _ba practical approach / _cAdrian W. Graham, Nicholas C. Kirkman, Peter M. Paul. |
| 260 |
_aChichester, West Sussex ; _aHoboken, NJ : _bJohn Wiley, _cc2007 |
||
| 300 |
_axxi, 399 p. : _bill. ; _c26 cm. |
||
| 505 | _aIntroduction (Page-3), Spectrum and Standards (Page-13), Mobile Radio Technologies (Page-23), The Mobile Environment: Propagation Mechanisms and Modelling (Page-37), Fading, Margins and Link Budgets (Page-73), The Radio Network Design Environment (Page-105), Selection of Engineering Tools and Data (Page-141), Starting the project (Page-195), Mobile Coverage Design (Page-225), Traffic Demand and Capacity (Page-255), Network Design Methods (Page-277), Backhaul (Page-285), Network Interference (Page-313) Frequency Assignment (Page-331), Verification (Page-355), Mobile Network Development Cookbook (Page-379). | ||
| 650 | 0 |
_aShortwave radio. _994410 |
|
| 650 | 0 | _aTelecommunication Engineering | |
| 700 | 1 |
_aKirkman, Nicholas C. _9105149 |
|
| 700 | 1 |
_aPaul, Peter M. _9105150 |
|
| 856 | 4 | 2 |
_3Contributor biographical information _uhttp://www.loc.gov/catdir/enhancements/fy0745/2007464755-b.html |
| 856 | 4 | 2 |
_3Publisher description _uhttp://www.loc.gov/catdir/enhancements/fy0745/2007464755-d.html |
| 856 | 4 | 2 |
_3Table of contents only _uhttp://www.loc.gov/catdir/enhancements/fy0745/2007464755-t.html |
| 942 |
_2ddc _cBK |
||
| 999 |
_c190355 _d190355 |
||